Freshwater ecology: Concepts and environmental applications
Wedi'i Gadw mewn:
| Prif Awdur: | |
|---|---|
| Fformat: | Llyfr |
| Iaith: | Undetermined |
| Cyhoeddwyd: |
San Diego, CA
Academic Press
2002
|
| Pynciau: | |
| Tagiau: |
Ychwanegu Tag
Dim Tagiau, Byddwch y cyntaf i dagio'r cofnod hwn!
|
| Thư viện lưu trữ: | Trung tâm Học liệu Trường Đại học Cần Thơ |
|---|
| LEADER | 00540nam a2200193Ia 4500 | ||
|---|---|---|---|
| 001 | CTU_67479 | ||
| 008 | 210402s9999 xx 000 0 und d | ||
| 020 | |b 60 | ||
| 082 | |a 577.6 | ||
| 082 | |b D642 | ||
| 100 | |a Walter K. Dodds | ||
| 245 | 0 | |a Freshwater ecology: Concepts and environmental applications | |
| 245 | 0 | |c Walter K. Dodds | |
| 260 | |a San Diego, CA | ||
| 260 | |b Academic Press | ||
| 260 | |c 2002 | ||
| 650 | |a aquatic ecology,freshwater ecology | ||
| 904 | |i Minh | ||
| 980 | |a Trung tâm Học liệu Trường Đại học Cần Thơ | ||